000 01230cam a2200325 i 4500
999 _c127955
_d127955
001 19975251
003 ARRUPE
005 20180419113732.0
008 170905s2018 cau b 001 0 eng
010 _a 2017040835
020 _a9781506336169 (pbk. : alk. paper)
040 _aDLC
_beng
_cDLC
_erda
_dDLC
042 _apcc
050 0 0 _aH62
_b.Y56 2018
082 0 0 _a300.72/2
_223
100 1 _aYin, Robert K.,
_eauthor.
_941565
240 1 0 _aCase study research
245 1 0 _aCase study research and applications :
_bdesign and methods /
_cRobert K. Yin.
250 _aSixth edition.
300 _axxx, 319 pages ;
_c23 cm
500 _aEarlier editions called: Case study research : design and methods.
504 _aIncludes bibliographical references and indexes.
650 0 _aCase method.
_941564
650 0 _aSocial sciences
_xResearch
_xMethodology.
_937871
906 _a7
_bcbc
_corignew
_d1
_eecip
_f20
_gy-gencatlg
942 _2lcc
_cMONOGRAPH